Desarrollo de la unidad de entrada y salida, para el proyecto abierto papiGB
محفوظ في:
| المؤلف الرئيسي: | |
|---|---|
| مؤلفون آخرون: | |
| التنسيق: | كتاب |
| اللغة: | Spanish |
| منشور في: |
[San José ], Costa Rica
2016
|
| الموضوعات: | |
| الوسوم: |
إضافة وسم
لا توجد وسوم, كن أول من يضع وسما على هذه التسجيلة!
|
MARC
| LEADER | 00000nam a22000007a 4500 | ||
|---|---|---|---|
| 003 | 012645 | ||
| 005 | 20230920144404.0 | ||
| 008 | 170929b2016 cr a|||| m||| 00| ||spa d | ||
| 040 | |c cru CEDI | ||
| 090 | |a TFG 7796 | ||
| 100 | |9 1588 |a Apú Picado, José Pablo, 1993- | ||
| 245 | |a Desarrollo de la unidad de entrada y salida, para el proyecto abierto papiGB | ||
| 260 | |a [San José ], Costa Rica |c 2016 | ||
| 300 | |a xi, 27 hojas; ilustraciones | ||
| 500 | |a Proyecto de graduación (bachillerato en ingeniería eléctrica)--Universidad de Costa Rica. Facultad de Ingeniería. Escuela de Ingeniería Eléctrica | ||
| 501 | |a Profesor Guía de IE-0499 Proyecto Eléctrico: Ing. José Daniel Hernández Vargas | ||
| 650 | |x VIDEOJUEGOS |x ELECTRONICA - APARATOS E INSTRUMENTOS |x ELECTRONICA |x SISTEMAS ELECTRONICOS |x JUEGOS ELECTRONICOS |x DISPOSITIVOS ELECTROMECANICOS | ||
| 700 | |9 1589 |a Hernández Vargas, José Daniel |d Director de Proyecto Eléctrico | ||
| 942 | |c CEDI | ||
| 999 | |c 19045 |d 19045 | ||
